General Knowledge Quiz #231 - Statistics

General Stats
  • This quiz has been taken 64,716 times
  • The average score is 11 of 20
Answer Stats
Question Answer % Correct
What do meteorologists study? Weather
90%
Which Disney movie featured a magic mirror? Snow White and the Seven Dwarfs
85%
What chemical in the brain, starting with D, is often connected with feelings of pleasure and addiction? Dopamine
85%
What is the largest Spanish-speaking city in the world? Mexico City
73%
Who was the subject of Kendrick Lamar's diss track "Not Like Us"? Drake
72%
What is represented by this set of emojis? Super Mario Bros.
68%
Whose death did Pontius Pilate "wash his hands of"? Jesus Christ
60%
Who was the star of the 2000 movie "Gladiator"? Russell Crowe
60%
What animal has the largest brain, can make the loudest sound, and is the largest toothed predator on Earth? {Sperm} whale
60%
What's the largest and southernmost region of Germany? Bavaria
58%
The four cities to host a tennis Grand Slam event are New York, Paris, London, and what? Melbourne
57%
There are two common words which are palindromes and start with K. Name either one. Kayak / Kook
54%
What's the Spanish word for hat? Sombrero
54%
What "ism" gets its name from the Marquis de Sade? Sadism
51%
What work by Miguel de Cervantes is often considered the first modern novel? Don Quixote
38%
What modern-day country was Spanish court painter El Greco born in? Greece
38%
Which Olympic sport was invented in Japan? Judo
38%
What automaker manufactures the Sprinter van? Mercedes-Benz
38%
What infectious disease has been estimated to have killed up to 5 percent of all the people who have ever lived? Malaria
35%
What Russian winner of the Nobel Peace Prize appeared in a Pizza Hut commercial in 1998? Mikhail Gorbachev
33%
No matching quizzes found
Score Distribution
Percent of People with Each Score
Percentile by Number Answered
Your Score History
You have not taken this quiz